[Event "33rd Open"]
[Site "Donostia ESP"]
[Date "2010.04.02"]
[Round "7"]
[White "Ros Eskisabel,J"]
[Black "Lyons,B"]
[Result "1/2-1/2"]
[WhiteElo "2143"]
[BlackElo "1952"]

1.e4 d5 2.exd5 Qxd5 3.Nc3 Qd6 4.d4 Nf6 5.g3 Bg4 6.f3 Bh5 7.g4 Bg6 8.Nge2 e6
9.a3 h5 10.Bg2 hxg4 11.fxg4  1/2-1/2

[Event "ch-WLS"]
[Site "Cardiff WLS"]
[Date "2010.04.03"]
[Round "3"]
[White "Jones,RS"]
[Black "Zeidler,S"]
[Result "1-0"]
[WhiteElo "2332"]
[BlackElo "2221"]

1.e4 d5 2.exd5 Qxd5 3.Nc3 Qd6 4.d4 Nf6 5.Nf3 c6 6.Ne5 Nbd7 7.Nc4 Qc7 8.Qf3 Nb6
9.Bf4 Qd7 10.Nxb6 axb6 11.O-O-O Qg4 12.Qe3 Qf5 13.d5 Nxd5 14.Rxd5 cxd5 15.Nb5 e5
16.Bxe5 Bc5 17.Bd4+ Kd8 18.Bd3 Qd7 19.Qg5+ Qe7 20.Qxg7 Bxd4 21.Qxd4 f6 22.Qxb6+ Kd7
23.Nc7  1-0

[Event "33rd Open"]
[Site "Donostia ESP"]
[Date "2010.04.03"]
[Round "8"]
[White "Vea,O"]
[Black "Lyons,B"]
[Result "1-0"]
[WhiteElo "2195"]
[BlackElo "1952"]

1.e4 d5 2.exd5 Qxd5 3.Nc3 Qd6 4.d4 Nf6 5.Nf3 a6 6.Bd3 Bg4 7.h3 Bh5 8.Be3 Nc6
9.Qe2 Nd5 10.Ne4 Qb4+ 11.c3 Qa5 12.O-O e6 13.Bd2 Qb6 14.Ng3 Bxf3 15.Qxf3 Qxb2
16.Rfd1 Qa3 17.Be4 Be7 18.Bxd5 exd5 19.Qxd5 Rd8 20.Qe4 O-O 21.Rab1 Qa4 22.Qg4 Rd6
23.Rxb7 Rg6 24.Qe2 Bd6 25.Nf5 Na5 26.Rbb1 Qc6 27.Nh4 Re8 28.Qf3 Qxf3 29.Nxf3 Nc4
30.Re1 Rxe1+ 31.Rxe1 Nxd2 32.Re8+ Bf8 33.Nxd2 Rc6 34.c4 f6 35.Kf1 Kf7 36.Rb8 a5
37.c5 g6 38.Rb5 Bh6 39.Nc4 Ke6 40.Ke2 Ra6 41.Rb3 a4 42.Rb1 Kd7 43.d5 Kc8
44.Rb4 Bf8 45.Kd3  1-0

[Event "33rd Open"]
[Site "Donostia ESP"]
[Date "2010.04.03"]
[Round "8"]
[White "Bjerke,S"]
[Black "Segura del Frago,I"]
[Result "1/2-1/2"]
[WhiteElo "2218"]
[BlackElo "2010"]

1.e4 d5 2.exd5 Qxd5 3.Nc3 Qd8 4.Nf3 g6 5.d4 Bg7 6.Be3 Nh6 7.Be2 Nf5 8.Qd2 c6
9.O-O Nd7 10.Rad1 Nf6 11.Bf4 O-O 12.Ne5 Be6 13.Bf3 Qa5  1/2-1/2

[Event "21st Pobeskydi Arcelor Mittal Cup"]
[Site "Frydek-Mistek CZE"]
[Date "2010.04.03"]
[Round "6"]
[White "Mroziak,M"]
[Black "Karhanek,P"]
[Result "1-0"]
[WhiteElo "2023"]
[BlackElo "2213"]

1.e4 d5 2.exd5 Qxd5 3.Nc3 Qd6 4.d4 Nf6 5.Nf3 a6 6.g3 Bg4 7.h3 Bxf3 8.Qxf3 c6
9.Be3 e6 10.O-O-O Nbd7 11.Bf4 Qe7 12.a3 Qd8 13.Bc4 Be7 14.Ne4 Nxe4 15.Qxe4 Nb6
16.Bb3 Bg5 17.Bxg5 Qxg5+ 18.f4 Qd8 19.h4 O-O 20.h5 Nd5 21.h6 g6 22.c4 Nf6
23.Qe5 Ne8 24.d5 exd5 25.cxd5 cxd5 26.Bxd5 Rc8+ 27.Kb1 Qc7 28.Rc1 Qxe5 29.fxe5 Rc7
30.Rxc7 Nxc7 31.Bxb7 Rb8 32.Bc6 Rd8 33.Rc1 Kf8 34.Bb7 Rd7 35.Bc8 Re7 36.Rc6 a5
37.Rc5 a4 38.Kc2 Ke8 39.Kc3 Kd8 40.Bg4 f5 41.exf6 Re3+ 42.Kd2 Rb3 43.f7 Rxb2+
44.Kc3 Rb3+ 45.Kc4  1-0

[Event "Philadelphia Open"]
[Site "Philadelphia USA"]
[Date "2010.04.03"]
[Round "6"]
[White "Friedel,J"]
[Black "Khamroev,R"]
[Result "1-0"]
[WhiteElo "2543"]
[BlackElo "2175"]

1.e4 d5 2.exd5 Qxd5 3.Nc3 Qd6 4.d4 Nf6 5.Nf3 c6 6.Ne5 Nbd7 7.Nc4 Qc7 8.a4 Nb6
9.Ne5 Bf5 10.g4 Be6 11.Bf4 Nbd5 12.Nxd5 Nxd5 13.Bg3 Qb6 14.c4 Nb4 15.a5 Qxd4
16.Qxd4 Nc2+ 17.Kd2 Nxd4 18.Kc3 O-O-O 19.a6 g6 20.Bg2 f6 21.axb7+ Kxb7 22.Nxc6 Nxc6
23.Ra5 Bd7 24.Rb5+ Kc8 25.Bxc6 e5 26.Bxd7+ Rxd7 27.Ra1 Bh6 28.Ra6 Bg7 29.f4 Re8
30.Rc5+ Kb8 31.fxe5 fxe5 32.Raa5 Rde7 33.Kd3 Ka8 34.Ke4 Rf8 35.Rab5 a6 36.Rb6 Rf6
37.Rxf6 Bxf6 38.Rc6 Bg7 39.Rxa6+ Kb7 40.Ra5 Kc6 41.b4 Rb7 42.Ra6+ Kd7 43.b5 Rc7
44.Kd5  1-0

[Event "Philadelphia Open"]
[Site "Philadelphia USA"]
[Date "2010.04.03"]
[Round "7"]
[White "Robson,R"]
[Black "Ravichandran,S"]
[Result "1-0"]
[WhiteElo "2559"]
[BlackElo "2178"]

1.e4 d5 2.exd5 Qxd5 3.Nc3 Qd6 4.d4 Nf6 5.Nf3 a6 6.g3 b5 7.Bg2 Bb7 8.O-O e6
9.Qe2 Be7 10.Bf4 Qb6 11.a4 b4 12.a5 Qa7 13.Na4 Be4 14.c4 O-O 15.g4 h6 16.h4 Qb7
17.Rfe1 Bc6 18.d5 Nxd5 19.cxd5 Bxd5 20.Rac1 Rc8 21.g5 hxg5 22.hxg5 Nd7 23.g6 fxg6
24.Nd4 Bxg2 25.Qxe6+ Kh8 26.Qxe7 Nf6 27.Rxc7 Rxc7 28.Qxc7 Qd5 29.Qd6 Rd8
30.Qxd5 Bxd5 31.Nc5 Bc4 32.Be3 Rd5 33.Nc6 Rh5 34.Nxb4 Ng4 35.Bd4 Nh6 36.Ne6 Nf5
37.Bc3 Rh4 38.f3 Rh3 39.Kg2 Rg3+ 40.Kf2 Rh3 41.Ng5 Rh5 42.Re8+ Bg8 43.f4 Rh2+
44.Kg1 Rh4 45.Nd5 Nd6 46.Rxg8+  1-0

[Event "Open"]
[Site "Thessaloniki GRE"]
[Date "2010.04.05"]
[Round "1"]
[White "Vocaturo,D"]
[Black "Ornithopoulos,N"]
[Result "1-0"]
[WhiteElo "2489"]
[BlackElo "2066"]

1.e4 d5 2.exd5 Qxd5 3.Nc3 Qd6 4.d4 Nf6 5.Nf3 a6 6.g3 b5 7.Bg2 Bb7 8.O-O e6
9.Bf4 Qb6 10.a4 c5 11.axb5 axb5 12.Qe2 c4 13.Rxa8 Bxa8 14.Qe5 Bxf3 15.Bxf3 Nc6
16.Bxc6+  1-0

[Event "Open"]
[Site "Thessaloniki GRE"]
[Date "2010.04.07"]
[Round "4"]
[White "Papadopoulos,Panag"]
[Black "Galopoulos,N"]
[Result "0-1"]
[WhiteElo "1970"]
[BlackElo "2333"]

1.e4 d5 2.exd5 Qxd5 3.Nc3 Qd6 4.d4 a6 5.Nf3 Nf6 6.Be2 Nc6 7.O-O Bf5 8.a3 O-O-O
9.Be3 e5 10.dxe5 Nxe5 11.Qxd6 Bxd6 12.Nd4 Bg6 13.h3 Rhe8 14.Rac1 Ned7 15.Rfd1 Nh5
16.Nd5 c6 17.Nc3 Kc7 18.Bg4 Ne5 19.Be2 Nd7 20.Bg4 Nhf6 21.Be2 Nb6 22.Bf1 Nfd5
23.Nxd5+ Nxd5 24.Bg5 f6 25.c4 Nf4 26.Bh4 c5 27.Nf3 Ne2+ 28.Bxe2 Rxe2 29.b4 cxb4
30.c5 Bf4 31.Rxd8 Bxc1 32.Rg8 bxa3 33.Bg3+ Kd7 34.Rxg7+ Re7 35.Rxe7+ Kxe7
36.Bd6+ Kd7  0-1

[Event "12th Open"]
[Site "Dubai UAE"]
[Date "2010.04.08"]
[Round "4"]
[White "Khukhashvili,S"]
[Black "Bhagwat,V"]
[Result "1/2-1/2"]
[WhiteElo "2421"]
[BlackElo "2214"]

1.e4 d5 2.exd5 Qxd5 3.Nc3 Qd6 4.d4 Nf6 5.Nf3 a6 6.h3 b5 7.g3 Bb7 8.Bg2 e6
9.O-O Nbd7 10.a4 b4 11.Bf4 Qb6 12.a5 Qa7 13.Na2 Bd5 14.c3 bxc3 15.Nxc3 Bc6
16.d5 Bxd5 17.Nxd5 Nxd5 18.Ne5 Nxe5 19.Bxd5 O-O-O 20.Qe2 Rxd5 21.Bxe5 Bd6
22.Bxd6 cxd6 23.Rac1+ Kd7 24.b4 Rc8 25.Rxc8 Kxc8 26.Qc2+ Kd7 27.Rc1 Ke7 28.Qc7+ Qxc7
29.Rxc7+ Kf6 30.Rc6 Rd4 31.Rxa6 Rxb4 32.Rxd6 Ra4 33.Ra6 h5 34.h4 g5 35.hxg5+ Kxg5
36.Ra7 h4 37.gxh4+ Kxh4 38.a6 Kg4 39.Kg2 f5 40.Rg7+  1/2-1/2

[Event "IV Open"]
[Site "La Laguna ESP"]
[Date "2010.04.08"]
[Round "5"]
[White "Diamant,A"]
[Black "Kurajica,B"]
[Result "0-1"]
[WhiteElo "2486"]
[BlackElo "2525"]

1.e4 d5 2.exd5 Qxd5 3.Nc3 Qd6 4.d4 Nf6 5.Nf3 g6 6.Nb5 Qb6 7.c4 c6 8.Nc3 Bg7
9.Be2 O-O 10.O-O Bg4 11.a3 Rd8 12.Be3 Ne8 13.Na4 Qc7 14.Re1 Nd7 15.h3 Bxf3
16.Bxf3 Nd6 17.Bg5 Nf5 18.d5 Ne5 19.Bg4 b5 20.Bxf5 gxf5 21.cxb5 Rxd5 22.Qc2 e6
23.bxc6 Rc8 24.Rad1 Rxd1 25.Rxd1 Nxc6 26.Rc1 h6 27.Bd2 Qd7 28.g4 Rd8 29.Bc3 Nd4
30.Bxd4 Qxd4 31.Nc5 Qxb2 32.Qxb2 Bxb2 33.Rc2 Bxa3 34.Na6 Rd6 35.Rc8+ Kg7  0-1

[Event "IV Open"]
[Site "La Laguna ESP"]
[Date "2010.04.11"]
[Round "9"]
[White "Gonzalez Moreno,J"]
[Black "Septien Lopez,V"]
[Result "0-1"]
[WhiteElo "1714"]
[BlackElo "1945"]

1.e4 d5 2.exd5 Qxd5 3.Nc3 Qd6 4.d4 Nf6 5.Nf3 g6 6.Nb5 Qb6 7.c4 c6 8.Nc3 Bg7
9.Be2 O-O 10.O-O Re8 11.h3 Qc7 12.Qc2 Bf5 13.Bd3 Bxd3 14.Qxd3 Na6 15.Qe2 e6
16.Be3 Nh5 17.a3 Nf4 18.Qc2 Rad8 19.b4 b5 20.Qe4 Nh5 21.Bg5 Rc8 22.cxb5 Nb8
23.Rac1 h6 24.Be3 f5 25.Qd3 Rcd8 26.Ne2 Kh7 27.bxc6 e5 28.Qc4 e4 29.Nc3 Qxc6
30.Qxc6 Nxc6 31.Ne5 Nxd4 32.Bxd4 Rxd4 33.Nc6 Rd3  0-1

[Event "74th ch-BUL"]
[Site "Kyustendil BUL"]
[Date "2010.04.14"]
[Round "10"]
[White "Marholev,D"]
[Black "Milchev,N"]
[Result "1-0"]
[WhiteElo "2423"]
[BlackElo "2382"]

1.e4 d5 2.exd5 Qxd5 3.Nc3 Qd6 4.d4 Nf6 5.Nf3 a6 6.a3 b5 7.g3 Bb7 8.Bg2 Nbd7
9.O-O e6 10.Bf4 Qb6 11.a4 b4 12.a5 Qa7 13.Na2 Nd5 14.Bd2 c5 15.dxc5 Bxc5
16.Ne1 Ne5 17.Qe2 Qb8 18.Nxb4 Nxb4 19.Bxb7 Ra7 20.Bg2 O-O 21.c3 Nd5 22.b4 Bd6
23.f4 Nc6 24.f5 Re8 25.fxe6 Rxe6 26.Qc4 Nde7 27.Nd3 Rc7 28.Qa2 Ne5 29.Nxe5 Bxe5
30.Rae1 Ng6 31.Bd5 Ree7 32.c4 Kh8 33.c5 Rcd7 34.c6 Rd6 35.Be3 Bc3 36.Re2 Rxe3
37.Rxe3 Bd4 38.Re1 Qa7 39.Qf2 Ne5 40.Kg2 h6 41.Qf5 Rf6 42.Rxe5 Rxf5 43.Rxf5 f6
44.Re8+ Kh7 45.Be4 Kg6 46.Rfe5+ Kf7 47.Bd5+ Kg6 48.R5e7  1-0

[Event "9th Open"]
[Site "Weiz AUT"]
[Date "2010.04.15"]
[Round "1"]
[White "Koller,Hu"]
[Black "Kasparov,S"]
[Result "0-1"]
[WhiteElo "2099"]
[BlackElo "2481"]

1.e4 d5 2.exd5 Qxd5 3.Nc3 Qd6 4.d4 Nf6 5.Nge2 c6 6.Bf4 Qd8 7.Ng3 Be6 8.Be2 g6
9.O-O Bg7 10.Qd2 O-O 11.Rfd1 Nbd7 12.Bh6 Nb6 13.b3 Qc7 14.Bxg7 Kxg7 15.Nce4 Nxe4
16.Nxe4 Rad8 17.c4 Bf5 18.Ng3 Bc8 19.Qe3 Rfe8 20.f4 Nd7 21.f5 Nf6 22.fxg6 hxg6
23.Rf1 Qd6 24.Rad1 b6 25.Rf4 e5 26.Rh4 Ng8 27.dxe5 Qe7 28.Rxd8 Rxd8 29.Re4 Nh6
30.Qf2 Rd2 31.a4 Rb2 32.Qe3 Bf5 33.Rd4 Qc5 34.Bd1 Rb1 35.Nf1 Be6 36.Rd3 Qxe3+
37.Nxe3 Ng4 38.Nf1 Nxe5 39.Rd2 c5 40.h3 Nc6 41.Ne3 Nd4 42.Rd3 f5 43.g3 g5
44.Nf1 f4 45.h4 Bf5 46.Rd2 gxh4 47.gxf4 Nxb3 48.Bxb3 Rxb3 49.Rd5 Kf6 50.Kf2 Rd3
51.Re5 Rd4 52.Kf3 Be6 53.Ne3 Bxc4 54.a5 Ba6 55.axb6 axb6 56.Rh5 Bb7+ 57.Ke2 Rxf4
58.Rh6+ Kg5 59.Rxb6 Bf3+ 60.Kf2 Be4+ 61.Kg1 Rf3 62.Nf1 c4 63.Nd2 Rg3+ 64.Kf2 Rg2+
65.Ke3 Rxd2 66.Kxe4 h3 67.Rb8 Rd6 68.Rg8+ Rg6 69.Rh8 Kg4 70.Ke3 Kg3 71.Ke2 Kg2
72.Rf8 h2 73.Rf2+ Kh3 74.Rf3+ Rg3 75.Rf1 Rg1 76.Rf3+ Kg4  0-1

[Event "6th TCh-CHN"]
[Site "Ningbo CHN"]
[Date "2010.04.17"]
[Round "2"]
[White "Wang Jue"]
[Black "Zheng Ruorong"]
[Result "1-0"]
[WhiteElo "2180"]
[BlackElo "2094"]

1.e4 d5 2.exd5 Qxd5 3.Nc3 Qd6 4.d4 Nf6 5.Nf3 a6 6.g3 Bg4 7.Bg2 Nc6 8.h3 Bxf3
9.Bxf3 O-O-O 10.d5 Qe5+ 11.Kf1 Nb4 12.Bf4 Qf5 13.Qd4 e6 14.Qa7 Nbxd5 15.Nxd5 Nxd5
16.Rd1 Qxc2 17.Qa8+ Kd7 18.Qxb7 Bd6 19.Rxd5 Qc4+ 20.Kg2 exd5 21.Rc1 Rb8 22.Qa7 Ra8
23.Qxa8 c6 24.Rxc4 Rxa8 25.Ra4 Bxf4 26.gxf4 Kc7 27.b4 Kb6 28.Ra5 Re8 29.Kf1 g6
30.Be2 Re4 31.Rxa6+ Kb7 32.b5 cxb5 33.Bxb5 Rxf4 34.Rd6 d4 35.a4 Kc7 36.Rc6+ Kb8
37.Bd3 Rf3 38.Ke2 Rxh3 39.a5 Rh5 40.a6 Re5+ 41.Kf3 f5 42.Rb6+ Ka8 43.Rb7 h5
44.Rg7 Re6 45.Kf4 h4 46.Rh7 Re1 47.Bc4 Re4+ 48.Kf3 Re5 49.Rxh4  1-0

[Event "Open"]
[Site "Bar MNE"]
[Date "2010.04.18"]
[Round "2"]
[White "Vujacic,Bo"]
[Black "Djukic,Ni"]
[Result "0-1"]
[WhiteElo "2318"]
[BlackElo "2509"]

1.e4 d5 2.exd5 Qxd5 3.Nc3 Qd8 4.d4 Nf6 5.Bc4 a6 6.Bg5 e6 7.Nf3 b5 8.Bd3 Be7
9.Qe2 Bb7 10.O-O-O O-O 11.Kb1 Nbd7 12.h4 c5 13.dxc5 Qc7 14.Ne4 Bxe4 15.Bxe4 Rac8
16.c6 Nc5 17.Bxf6 Bxf6 18.Bxh7+ Kxh7 19.Ng5+ Kg8 20.Qh5 Rfd8 21.Nxf7 Qxf7
22.Qxc5 Qc7 23.Rxd8+ Rxd8 24.c4 Rd2  0-1

[Event "6th TCh-CHN"]
[Site "Ningbo CHN"]
[Date "2010.04.18"]
[Round "3"]
[White "Zhai Mo"]
[Black "Zheng Ruorong"]
[Result "1-0"]
[WhiteElo "2110"]
[BlackElo "2094"]

1.e4 d5 2.exd5 Qxd5 3.Nc3 Qd6 4.d4 Nf6 5.Nf3 a6 6.g3 Bg4 7.Bg2 Nc6 8.O-O O-O-O
9.d5 Nb4 10.Bf4 Qc5 11.Be3 Qd6 12.h3 Bh5 13.Qe2 Nbxd5 14.Nxd5 Nxd5 15.Rfd1 Qf6
16.g4 Bg6 17.c4 Nb4 18.Rxd8+ Kxd8 19.Rd1+ Ke8 20.g5 Qe6 21.a3 Nc2 22.c5 Nxe3
23.fxe3 Qc8 24.Ne5 e6 25.b4 Be7 26.h4 f6 27.gxf6 gxf6 28.Nd7 c6 29.Qf3 f5
30.h5 Bf7 31.Qf4 Bd8 32.Qe5 Rg8 33.Rd6 Be7 34.Rd4 Bd8 35.Qd6 Be7 36.Qe5 Bd8
37.Rd2 Qc7 38.Nf6+ Kf8 39.Qxc7 Bxc7 40.Nxg8 Kxg8 41.Rd7 Be5 42.Rxb7 Bb2 43.Bxc6 Bxa3
44.Bd7 e5 45.c6  1-0

[Event "Open"]
[Site "Bar MNE"]
[Date "2010.04.20"]
[Round "5"]
[White "Stamatovic,V"]
[Black "Bacic,K"]
[Result "0-1"]
[WhiteElo "1881"]
[BlackElo "1797"]

1.e4 d5 2.exd5 Qxd5 3.Nc3 Qd8 4.d4 Nf6 5.Nf3 Bg4 6.Be2 e6 7.O-O Be7 8.Na4 Nbd7
9.c4 c6 10.a3 Nb6 11.Be3 Bxf3 12.gxf3 Nxa4 13.Qxa4 O-O 14.Kh1 Qc7 15.Rg1 Kh8
16.b4 Bd6 17.Rg2 Nh5 18.c5 Be7 19.Rag1 g6 20.Qc2 Rfd8 21.Rg4 f5 22.R4g2 Nf4
23.Rg3 Nxe2 24.Qxe2 f4 25.Rh3 fxe3 26.Rxg6 Rg8 27.Rgh6 Rg7 28.fxe3 Rag8 29.Qf2 Bg5
30.R6h5 Bf6 31.f4 Qd7 32.Rg3 Rxg3 33.hxg3 Qg7 34.Qc2 Qg6 35.Qxg6 Rxg6 36.Kg2 Kg7
37.f5 Rg5 38.Rh1 Rxf5 39.a4 Bg5 40.e4 Rf7 41.Rd1 Rd7 42.b5 Be3 43.a5 Rxd4
44.a6 bxa6 45.bxc6 Rc4 46.Rd7+ Kf6 47.Rxa7 Rxc5 48.Rxa6 Ke5 49.Kf3 Bg5 50.Kg4 h6
51.Kf3 Rc3+ 52.Kf2 Kxe4 53.Kg2  0-1

[Event "Open"]
[Site "Bar MNE"]
[Date "2010.04.22"]
[Round "7"]
[White "Ashiku,F"]
[Black "Bacic,K"]
[Result "1-0"]
[WhiteElo "2064"]
[BlackElo "1797"]

1.e4 d5 2.exd5 Qxd5 3.Nc3 Qd8 4.d4 Nf6 5.Nf3 Bg4 6.Bf4 c6 7.Be2 e6 8.h3 Bh5
9.O-O Be7 10.Re1 O-O 11.Qd2 Nbd7 12.Rad1 Nd5 13.Nxd5 cxd5 14.Ne5 Nxe5 15.Bxe5 Bxe2
16.Qxe2 Bd6 17.Rd3 Bxe5 18.Qxe5 Qf6 19.Qg3 Rac8 20.c3 Qg6 21.Qe3 Rc6 22.Qd2 Rfc8
23.Rg3 Qf6 24.Re5 g6 25.Rf3 Qg7 26.h4 h6 27.Qf4 R6c7 28.Rg3 Kh8 29.Qd2 Qh7
30.h5 Rg8 31.Qf4 g5 32.Rexg5 Rxg5 33.Rxg5 hxg5 34.Qf6+ Kg8 35.Qd8+ Kg7 36.Qxg5+ Kf8
37.Qd8+ Kg7 38.Qxc7 Qb1+ 39.Kh2 Qxb2 40.Qe5+ Kh6 41.Qf6+ Kxh5 42.f4  1-0

[Event "9th Asian Continental"]
[Site "Olongapo City PHI"]
[Date "2010.04.24"]
[Round "4"]
[White "Geetha, Narayanan Gopal"]
[Black "Dableo,R"]
[Result "1-0"]
[WhiteElo "2604"]
[BlackElo "2464"]

1.e4 d5 2.exd5 Qxd5 3.Nc3 Qd6 4.d4 Nf6 5.Nf3 Bg4 6.h3 Bh5 7.g4 Bg6 8.Ne5 c6
9.Bg2 Nbd7 10.f4 e6 11.Nc4 Qc7 12.Qe2 Nb6 13.Nxb6 Qxb6  1-0

[Event "7th Balagne Open"]
[Site "Calvi FRA"]
[Date "2010.04.26"]
[Round "3"]
[White "Sengupta,D"]
[Black "Schnelzer,R"]
[Result "1-0"]
[WhiteElo "2496"]
[BlackElo "2260"]

1.e4 d5 2.exd5 Qxd5 3.Nc3 Qd6 4.d4 Nf6 5.Nf3 c6 6.g3 Bg4 7.Bg2 e6 8.O-O Be7
9.h3 Bh5 10.Bf4 Qd8 11.Qe2 Nbd7 12.Rad1 O-O 13.g4 Bg6 14.Ne5 Nd5 15.Nxd5 exd5
16.Bh2 Nxe5 17.dxe5 Qb6 18.b3 f6 19.c4 d4 20.Kh1 fxe5 21.Bxe5 Bf6 22.Bxf6 Rxf6
23.f4 Re8 24.Qd2 Be4 25.Qxd4 Bxg2+ 26.Kxg2 Re2+ 27.Kg3 Rxa2 28.Qxb6 axb6
29.f5 Rb2 30.Rf3 Rf7 31.Re3 Rc7 32.g5 Kf7 33.Rd8 b5 34.Rh8 bxc4 35.Ree8  1-0

[Event "9th Asian Continental"]
[Site "Olongapo City PHI"]
[Date "2010.04.27"]
[Round "7"]
[White "Zhang Zhong"]
[Black "Wang Li"]
[Result "1/2-1/2"]
[WhiteElo "2603"]
[BlackElo "2383"]

1.e4 d5 2.exd5 Qxd5 3.Nc3 Qd6 4.d4 Nf6 5.Be3 c6 6.Qd2 Bf5 7.Nf3 e6 8.Ne5 Qc7
9.Nc4 Nd5 10.Nxd5 exd5 11.Bf4 Qd8 12.Qe3+ Be6 13.Ne5 Nd7 14.Bd3 Be7 15.O-O-O Nxe5
16.Bxe5 O-O 17.Rde1 Re8 18.Re2 Bg5 19.Bf4 Bd7 20.Qd2 Rxe2 21.Bxe2 Bxf4 22.Qxf4 Qa5
23.a3 Re8 24.Bd1 h6 25.h4 Qd8 26.f3 Qb8 27.Qxb8 Rxb8 28.Be2 Kf8 29.Bd3 Ke7
30.Kd2 Re8 31.g4 Kd6 32.Rg1 Rh8 33.f4 Ke7 34.Ke3 Kd6 35.Kf3 Bc8 36.Kg3 Bd7
37.Rb1 Re8 38.Kf3 Ra8 39.Rg1 Rh8 40.f5 f6 41.Kf4 Be8  1/2-1/2

[Event "7th Balagne Open"]
[Site "Calvi FRA"]
[Date "2010.04.29"]
[Round "7"]
[White "Sengupta,D"]
[Black "Malaniuk,V"]
[Result "1-0"]
[WhiteElo "2496"]
[BlackElo "2582"]

1.e4 d5 2.exd5 Qxd5 3.Nc3 Qd6 4.d4 Nf6 5.Bd3 c6 6.Nge2 Bg4 7.Be3 e6 8.Qd2 Bxe2
9.Qxe2 Nbd7 10.O-O-O O-O-O 11.Qf3 Qc7 12.Kb1 Nb6 13.Ne2 Nfd5 14.Bg5 Rd7 15.c4 Nb4
16.c5 Na8 17.Bc4 Nd5 18.Bh4 b5 19.Bb3 Qa5 20.Nc1 Nac7 21.Nd3 f6 22.Rhe1 Be7
23.Bg3 Kb7 24.a3 Rhd8 25.Bxc7 Qxc7 26.Rxe6 a5 27.a4 b4 28.Bc4 Bf8 29.Nc1 Re7
30.Rxe7 Bxe7 31.Nb3 Rd7 32.Re1 Bd8 33.Re6 Ka7 34.g3 g6 35.h4 Qc8 36.Ka2 Qc7
37.h5 Kb8 38.Re8 Ka7 39.Rh8 f5 40.hxg6 hxg6 41.Rg8 f4 42.Rxg6 fxg3 43.fxg3 Rf7
44.Qe2 Re7 45.Re6 Rxe6 46.Qxe6 Nf6 47.g4 Qd7 48.g5 Qxe6 49.Bxe6 Nh5 50.g6 Kb7
51.Bg4 Ng7 52.Kb1 Bc7 53.Kc2 Ka6 54.Kd3 Kb7 55.Nd2  1-0

[Event "ch-CZE"]
[Site "Ostrava CZE"]
[Date "2010.05.01"]
[Round "1"]
[White "Kulhanek,T"]
[Black "Umanec,F"]
[Result "1-0"]
[WhiteElo "2428"]
[BlackElo "2226"]

1.e4 d5 2.exd5 Qxd5 3.Nc3 Qd6 4.d4 Nf6 5.Bd3 a6 6.Nge2 Nc6 7.Bf4 Qd8 8.a3 e6
9.Qd2 Bd6 10.Bxd6 Qxd6 11.Ne4 Nxe4 12.Bxe4 Bd7 13.Qg5 g6 14.Qf6 Rg8 15.O-O-O Qe7
16.Qxe7+ Kxe7 17.d5 exd5 18.Bxd5 Rad8 19.Nc3 Rge8 20.Ne4 Be6 21.Bxe6 Kxe6
22.Nc5+ Kf6 23.Nxb7 Rxd1+ 24.Rxd1 Re2 25.Nc5 Ne5 26.Rf1 Ng4 27.h3 Nh6 28.Nxa6 Nf5
29.Nxc7  1-0

[Event "4NCL 2009-10"]
[Site "Sunningdale ENG"]
[Date "2010.05.02"]
[Round "10"]
[White "Lauterbach,I"]
[Black "Grafl,F"]
[Result "1/2-1/2"]
[WhiteElo "2163"]
[BlackElo "2426"]

1.e4 d5 2.exd5 Qxd5 3.Nc3 Qd6 4.g3 Nf6 5.Bg2 Nc6 6.Nb5 Qd8 7.Ne2 a6 8.Nbc3 e5
9.d3 Bc5 10.O-O Be6 11.Bg5 h6 12.Ne4 Bxf2+ 13.Rxf2 hxg5 14.Nxf6+ gxf6 15.c3 Bd5
16.Bxd5 Qxd5 17.Qb3 Qxb3 18.axb3 O-O-O 19.Nc1 Rd6 20.b4 Ne7 21.b5 f5 22.Nb3 Kb8
23.bxa6 b6 24.d4 e4 25.Re1 Rdh6 26.c4 Ka7 27.d5 Kxa6 28.Nd4 Kb7 29.Ree2 f6
30.Nxf5 Nxf5 31.Rxf5 Re8 32.b4 Kc8 33.c5 bxc5 34.bxc5 Kd7 35.Rf1 Re5 36.Rd1 f5
37.Rd4 e3 38.Kg2 c6 39.dxc6+ Kxc6 40.Rd3 f4 41.Rd6+ Rxd6 42.cxd6 Rf5 43.gxf4 gxf4
44.Kf3 Kxd6 45.Ra2 Ke7 46.Ra7+ Kf6 47.Ra6+ Kg5 48.Re6 Rf7 49.Re8 Kg6 50.Re6+ Rf6
51.Re7 Rf5 52.Re6+ Kf7 53.Re4 Rf6 54.Ra4 Ke7 55.Ra7+ Kd6 56.Ra6+ Ke5 57.Ra4 Kd5
58.Ra5+ Kd4 59.Ra4+ Kc3 60.Ra1 Re6 61.Ra2 Re7 62.h4 Kd3 63.Ra3+ Kd4 64.Ra4+ Kd5
65.Ra2 Ke5 66.Ra4 Kd6 67.Ra6+ Kd7 68.Ra1 Rf7 69.h5 Ke6 70.h6 Kf5 71.Rg1 Re7
72.Rg2 Kf6 73.Rg1 e2 74.Re1 Kg5 75.Rxe2 Rxe2  1/2-1/2

[Event "ch-CAN Junior"]
[Site "Toronto CAN"]
[Date "2010.05.04"]
[Round "9"]
[White "Calugar,A"]
[Black "Cheng,Bi"]
[Result "0-1"]
[WhiteElo "2147"]
[BlackElo "2369"]

1.e4 d5 2.exd5 Qxd5 3.Nc3 Qd6 4.d4 Nf6 5.Nf3 c6 6.Ne5 Be6 7.g3 Nbd7 8.Nc4 Bxc4
9.Bxc4 Nb6 10.Be2 Rd8 11.Be3 e5 12.dxe5 Qxe5 13.Qc1 Nbd5 14.Nxd5 Nxd5 15.Bd2 Be7
16.Kf1 Qe4 17.Rg1 Nb4 18.Bxb4 Bxb4 19.Bd3 Qe5 20.Qe3 Qxe3 21.fxe3 O-O 22.Ke2 Rfe8
23.Rgf1 Re7 24.Rad1 g6 25.g4 Kg7 26.c3 Bc5 27.e4 h5 28.h3 Rh8 29.g5 h4 30.Rf4 Rh5
31.b4 Bd6 32.Rg4 Bg3 33.Bc4 Rh8 34.a4 Rc8 35.Bb3 Kf8 36.Bc2 Ke8 37.Kf3 Re5
38.Bb3 Ke7 39.Rxg3 hxg3 40.Kf4 Rd8 41.Rg1 f6 42.gxf6+ Kxf6 43.Rxg3 Rh5 44.e5+ Rxe5
45.Rxg6+ Kxg6 46.Kxe5 Kg5 47.Be6 Rd3 48.c4 Ra3 49.b5 Rxa4 50.bxc6 bxc6 51.Kd6 Kf6
52.Bg8 Rb4 53.Kxc6 Ke7 54.Kc7 a5 55.c5 a4 56.h4 Rxh4 57.Kb6 Rh2 58.c6 Rb2+
59.Kc5 a3 60.c7 Kd7 61.Be6+ Kxc7  0-1

[Event "ch-UKR"]
[Site "Alushta UKR"]
[Date "2010.05.05"]
[Round "3"]
[White "Shankovsky,A"]
[Black "Kovalenko,I"]
[Result "1/2-1/2"]
[WhiteElo "2303"]
[BlackElo "2503"]

1.e4 d5 2.exd5 Qxd5 3.Nc3 Qd6 4.d4 Nf6 5.Bc4 Bg4 6.Nge2 Bxe2 7.Qxe2 c6 8.Be3 e6
9.O-O-O Be7 10.Qf3 Nbd7 11.Bf4 Qb4 12.Bb3 Bd6 13.a3 Bxf4+ 14.Qxf4 Qa5 15.Ne4 Nxe4
16.Qxe4 Nf6 17.Qe5 Qxe5 18.dxe5 Nd7 19.f4 Ke7 20.Rd4 Rhd8 21.Rhd1 h6 22.c3 Nc5
23.Bc2 Rxd4 24.cxd4 Nd7 25.Kd2 Nb6 26.Ke2 Rc8 27.Be4 Rc7 28.Rc1 Rd7 29.Ke3 f5
30.exf6+ Kxf6 31.b3 Nd5+ 32.Bxd5 exd5 33.Kd3 Re7 34.b4 Kf5 35.g3 Kg4 36.b5 cxb5
37.Rc5 Rd7 38.Rxb5 b6 39.Ke3 Rd6 40.a4 a6 41.Rb2 Rc6 42.Kf2 Kh3 43.Kg1 g6
44.Re2 b5 45.axb5 axb5 46.Rb2 Rb6 47.Rb4 h5 48.Kf2 h4 49.Kf3 Rb8 50.gxh4 Kxh4
51.h3 Rb7 52.Kg2 Rb6 53.Kf3 Rb8 54.Kg2 Rb7 55.Kf3 Rb8 56.Kg2 g5 57.fxg5 Kxg5
58.Kg3 Kf5 59.Kf3 Ra8 60.Rxb5 Ra3+ 61.Kg2 Ke4 62.Rb4 Kf4 63.h4 Rd3 64.h5 Rg3+
65.Kf2 Rh3 66.Rb6 Ke4 67.h6 Kxd4 68.Kg2 Rh5 69.Kg3 Ke5 70.Kf3 Rh1 71.Kg2 Rh4
72.Kg3 Rh5 73.Kf3 Kf5 74.Ke3 Ke5 75.Kf3 Kf5 76.Ke3 Rh4 77.h7 Ke5 78.Rb7 Rh3+
79.Ke2 Kd4 80.Rd7 Rh1 81.Rc7 Ke4 82.Re7+  1/2-1/2

[Event "ch-CZE"]
[Site "Ostrava CZE"]
[Date "2010.05.05"]
[Round "5"]
[White "Blazkova,P"]
[Black "Sobek,J"]
[Result "1-0"]
[WhiteElo "2140"]
[BlackElo "2303"]

1.e4 d5 2.exd5 Qxd5 3.Nc3 Qd6 4.d4 Nf6 5.Nf3 Bg4 6.Be2 Nc6 7.Nb5 Qd8 8.Ne5 Bxe2
9.Qxe2 Nxd4 10.Nxd4 Qxd4 11.O-O c6 12.Re1 Nd7 13.Nf3 Qg4 14.h3 Qf5 15.Be3 e6
16.Red1 Be7 17.c4 Nf6 18.Bd4 O-O 19.Ne5 Bb4 20.g4 Qf4 21.Nd3 Qxd4 22.Nxb4 Qc5
23.Nc2 Rad8 24.Ne3 h6 25.a3 Rfe8 26.b4 Qe5 27.Qf3 Qc7 28.c5 a5 29.Nc4 Rxd1+
30.Rxd1 axb4 31.axb4 Nd5 32.Nd6 Ra8 33.h4 b6 34.g5 hxg5 35.hxg5 Qe7 36.Ne4 b5
37.Qb3 Ra4 38.Rxd5 exd5  1-0

[Event "40th Bosna Open"]
[Site "Sarajevo BIH"]
[Date "2010.05.06"]
[Round "2"]
[White "Timofeev,Arty"]
[Black "Djukic,Ni"]
[Result "1-0"]
[WhiteElo "2677"]
[BlackElo "2495"]

1.e4 d5 2.exd5 Qxd5 3.Nc3 Qd8 4.Nf3 Nf6 5.Bc4 a6 6.d4 b5 7.Bd3 e6 8.Bg5 Be7
9.Qe2 Bb7 10.O-O O-O 11.Rfd1 Nbd7 12.Ne5 Nxe5 13.dxe5 Nd5 14.Nxd5 Bxd5 15.Be3 Qb8
16.b3 Qb7 17.Qg4 g6 18.Bh6 Rfd8 19.h4 Bf8 20.Bxf8 Rxf8 21.h5 Qb6 22.Qg5 Qc5
23.c4 bxc4 24.Bxc4 c6 25.Rac1 Qb4 26.Qf6 Rfc8 27.Rd3 Qf8 28.Rdc3 Rd8 29.hxg6 hxg6
30.Rh3 Qg7 31.Rcc3 Qxf6 32.exf6 e5 33.Rh6 Be6 34.Rxg6+ Kf8 35.Bxe6 fxe6 36.Rg7  1-0

[Event "ch-UKR"]
[Site "Alushta UKR"]
[Date "2010.05.08"]
[Round "6"]
[White "Lysak,I"]
[Black "Makarevich,V"]
[Result "1-0"]
[WhiteElo "2337"]
[BlackElo "2063"]

1.e4 d5 2.exd5 Qxd5 3.Nc3 Qd6 4.d4 c6 5.h3 Nf6 6.Nf3 Bf5 7.Bd3 Bxd3 8.Qxd3 Nbd7
9.g3 e6 10.Bf4 Qb4 11.O-O Be7 12.a3 Qa5 13.b4 Qh5 14.Kg2 O-O 15.Qd2 Nd5 16.Ne4 Qf5
17.Rfe1 Nxf4+ 18.Qxf4 Qxf4 19.gxf4 Nb6 20.f5 exf5 21.Ng3 Rfe8 22.Nxf5 Bf8
23.Ne5 a5 24.bxa5 Rxa5 25.Rab1 Ra6 26.a4 f6 27.Nd3 Rxe1 28.Nxe1 Kf7 29.Nd3 Nxa4
30.Rxb7+ Kg6 31.Ng3 Bd6 32.Ne4 Ba3 33.Nf4+ Kh6 34.Ne6 f5 35.N4g5 Bc1 36.Nf7+ Kg6
37.Ne5+ Kf6 38.Nxg7 c5 39.Rf7+ Kg5 40.Nxf5 Rf6 41.Ra7 Kxf5 42.Rxa4 cxd4 43.Nf3 Rg6+
44.Kf1 Rh6 45.Nxd4+ Ke5 46.Nf3+ Kd5 47.h4 Rc6 48.Ra2 Rc3 49.Ke2 Ba3 50.Ne1 Be7
51.h5 Rh3 52.Nd3 Bd6 53.Ra5+ Kd4 54.Ra6 Kd5 55.c4+ Kxc4 56.Rxd6 Rxh5 57.Nf4 Rh1
58.Kf3 Kc5 59.Rd5+ Kc6 60.Rh5 Ra1 61.Rxh7 Kd6 62.Ng2 Ke5 63.Ne3 Ra2 64.Rh5+ Ke6
65.Rb5 Ra4 66.Kg3 Ra3 67.Rb6+ Kf7 68.Kg4 Ra4+ 69.f4 Ra1 70.Nd5 Ra5 71.Rd6 Ra4
72.Kf5 Ra7 73.Ke5 Ra1 74.Rd7+ Ke8 75.Rb7 Kf8 76.Kf6 Ra6+ 77.Rb6 Ra8 78.f5 Kg8
79.Kg6 Kf8 80.f6 Kg8 81.Nf4 Kh8 82.Ne6 Rg8+ 83.Ng7 Rc8 84.Rb1 Kg8 85.f7+  1-0